000 00798nab a2200253 u 4500
001 20041
003 HDC
007 cr bn ---aaaaa
008 210303c20070728xx dr|noo 0 a eng d
040 _aHDC
245 0 _aSubway continues Halal roll-out in UK
260 _a[No place] :
_b[publisher not identified],
_c2007
300 _a1 online resource
336 _atext
_2rdacontent
337 _acomputer
_2rdamedia
338 _aonline resource
_2rdacarrier
650 _aHalal meats
_95953
650 _arestaurants
_92152
710 _aHalal Focus
856 _zRequest full-text at [email protected]
942 _2lcc
942 _cNEWS
942 _kNWSO 006295
999 _c17357
_d17357